| 000 | 00441 a2200169 4500 | ||
|---|---|---|---|
| 001 | 189355 | ||
| 020 | _a978-85-7013-065-5 | ||
| 040 | _cMagnum | ||
| 100 | _aTargino, Maria das Graças | ||
| 240 | 1 | 0 |
_aJornalismo cidadão _lPOR |
| 245 | 1 | 0 | _aJornalismo cidadão |
| 300 | _a260 | ||
| 362 | 0 | _a2009 | |
| 440 | 1 | _aIbict | |
| 697 | _aRELALÇÕES INTERNACIONAIS, POLÍTICA MUNDIAL. POLÍTICA INTERNACIONAL. POLÍTICA EXTERNA | ||
| 942 | _cBK | ||
| 999 |
_c189355 _d189355 |
||